'V' Pokemon Quiz Stats

Quiz not verified by Sporcle

Challenge
Share
Tweet
Embed
Score 0/20 Timer 04:00
0 Plays Today
Type Pokémon % Correct
Bug/PoisonVenomoth
89.7%
IceVanillish
86.2%
Bug/PoisonVenonat
86.2%
IceVanillite
82.8%
Grass/PoisonVenusaur
82.8%
IceVanilluxe
79.3%
Grass/PoisonVileplume
79.3%
FireVulpix
79.3%
Psychic/FireVictini
75.9%
WaterVaporeon
72.4%
Type Pokémon % Correct
Grass/PoisonVictreebel
72.4%
ElectricVoltorb
72.4%
Bug/FlyingVespiquen
69%
Ground/DragonVibrava
65.5%
Grass/FightingVirizion
65.5%
Bug/PoisonVenipede
62.1%
Bug/FireVolcarona
62.1%
Dark/FlyingVullaby
62.1%
NormalVigoroth
55.2%
BugVolbeat
55.2%

You're not logged in!

Compare scores with friends on all Sporcle quizzes.
Join for Free
OR
Log In

You Might Also Like...

Show Comments

Extras

Created Aug 30, 2013SourceReportNominate
Tags:Pokémon Quiz

Top Quizzes Today


Score Distribution

Your Account Isn't Verified!

In order to create a playlist on Sporcle, you need to verify the email address you used during registration. Go to your Sporcle Settings to finish the process.

Report this User

Report this user for behavior that violates our Community Guidelines.

Details: